| 000 | 01038nam a22002415i 4500 | ||
|---|---|---|---|
| 001 | 177384 | ||
| 003 | ES-MaACL | ||
| 005 | 20250824030251.0 | ||
| 008 | 110321s2000 sp a |||| | spa d | ||
| 080 | _a821.134.2-2"16/17"(083.824) | ||
| 080 | _a016(083.824) | ||
| 110 | 2 |
_aUniversidad Complutense de Madrid. _bBiblioteca Histórica. _9142120 |
|
| 245 | 1 | 3 |
_aEl teatro español del Siglo de Oro en la Biblioteca de la Universidad Complutense _b: exposición conmemorativa del Cuarto Centenario del nacimiento de Calderón : Biblioteca Histórica "Marqués de Valdecilla", Madrid, del 13 de diciembre de 2000 al 31 de enero de 2001. |
| 260 |
_aMadrid : _bUniversidad Complutense de Madrid, _cD. L. 2000. |
||
| 300 |
_a61, [2] p. : _bil. col. y n. ; _c27 cm. |
||
| 500 | _aÍndice. | ||
| 504 | _aBibliografía: p. 31. | ||
| 650 | 7 |
_aTeatro español- _yS.XVII-XVIII- _vExposiciones _2 _9145738 |
|
| 655 | 7 |
_2tgfbne _9193628 _aCatálogos de exposiciones |
|
| 852 |
_aES-MaACL _j2276-F-10 |
||
| 942 | _2udc | ||
| 999 |
_c177384 _d177384 |
||